Guess The F1 Driver - Statistics

General Stats
  • This quiz has been taken 136 times
    124 since last reset
  • The average score is 11 of 15
Answer Stats
Hint Answer % Correct
Youngest ever race winner Max Verstappen
92%
Has the longest F1 career Fernando Alonso
91%
Debuted with Mclaren Lewis Hamilton
88%
Goatifi Nicholas Latifi
86%
2023 Australian Rookie Oscar Piastri
86%
Only Chinese driver on the grid Zhou Guanyu
86%
Most Consecutive WDC Michael Schumacher
83%
Has the record for the youngest driver to win a WDC Sebastian Vettel
76%
Shortest driver in the history of F1 (159cm) Yuki Tsunoda
72%
Most races without a podium Nico Hulkenberg
69%
Only ever polish driver Robert Kubica
59%
Has the nickname 'The Flying Fin' Mika Hakkinen
56%
First WDC Giuseppe Farina
43%
1992 WDC Nigel Mansell
43%
Only New Zealander to have one a WDC Denny Hulme
28%
No matching quizzes found
Score Distribution
Percent of People with Each Score
Percentile by Number Answered
Your Score History
You have not taken this quiz since the last reset